[Event " "]
[Site "Lyon Olympique Echecs"]
[Date "21.??.??"]
[Round "6.5"]
[White "Lamorelle, Yves"]
[Black "Pieroni, Guillaume"]
[Result "1-0"]
[WhiteElo "2225"]
[BlackElo "2191"]
[PlyCount "65"]
[EventDate "21.??.??"]
[WhiteTeam "Lutèce Echecs"]
[BlackTeam "Avignon"]

1. e4 e6 2. d4 d5 3. e5 c5 4. c3 Nc6 5. Nf3 Qb6 6. Be2 cxd4 7. cxd4 Nge7 8. Na3
Nf5 9. Nc2 Bb4+ 10. Kf1 Be7 11. h4 h5 12. b4 Bd7 13. a3 Rc8 14. Rh3 Nb8 15. Ne3
Nxe3+ 16. Bxe3 Bb5 17. Rg3 g6 18. Bxb5+ Qxb5+ 19. Kg1 Nd7 20. Bg5 Bf8 21. a4
Qb6 22. a5 Qb5 23. Rc1 Rc6 24. Bf6 Rg8 25. Ng5 Bxb4 26. Rb3 Rc4 27. Rcb1 Nxf6
28. exf6 Qxa5 29. Nf3 Qb6 30. Ne5 a5 31. Nxc4 dxc4 32. Rxb4 axb4 33. Qa4+ 1-0

[Event " "]
[Site "Lyon Olympique Echecs"]
[Date "21.??.??"]
[Round "6.6"]
[White "Meynard, Thibault"]
[Black "Stoven, Gilles-Noel"]
[Result "1-0"]
[WhiteElo "2267"]
[BlackElo "2159"]
[PlyCount "131"]
[EventDate "21.??.??"]
[WhiteTeam "Avignon"]

1. d4 Nf6 2. Nf3 d6 3. g3 c5 4. Bg2 Nc6 5. dxc5 Qa5+ 6. c3 Qxc5 7. O-O g6 8. b4
Qh5 9. Nd4 Nxd4 10. cxd4 Bg7 11. e4 Bg4 12. f3 Bh3 13. g4 Qh4 14. Qa4+ Nd7 15.
Be3 Bxg2 16. Kxg2 f5 17. exf5 gxf5 18. Bf2 Qg5 19. Qb5 a6 20. Qxb7 Rb8 21. Qd5
Rb5 22. Qe6 fxg4 23. fxg4 h5 24. Nc3 Rb7 25. Bg3 Qxg4 26. Qf7+ Kd8 27. Rf4 Rf8
28. Qd5 Rxf4 29. Qxb7 Ke8 30. h3 Rf2+ 31. Kxf2 Qxd4+ 32. Kg2 Qxc3 33. Qa8+ Kf7
34. Qd5+ Ke8 35. Qxh5+ Kd8 36. Qa5+ Ke8 37. Rf1 Qc6+ 38. Kh2 Ne5 39. Qa3 Qc4
40. Qc1 Qxa2+ 41. Rf2 Qe6 42. Qd1 Qc4 43. Rc2 Qe4 44. Rf2 Qc6 45. Qb3 Kd7 46.
Qe3 Bf6 47. Bf4 Bh4 48. Rf1 Qc2+ 49. Qd2 Qe4 50. Bxe5 Qxe5+ 51. Qf4 Bf6 52.
Qxe5 Bxe5+ 53. Kg2 Kc6 54. h4 Kb5 55. Rb1 d5 56. h5 Bg7 57. Kf3 e5 58. Ke2 e4
59. Ke3 Kc4 60. Rc1+ Kxb4 61. Rc7 Be5 62. Re7 Bc3 63. Rb7+ Kc4 64. Rc7+ Kb3 65.
Rxc3+ Kxc3 66. h6 1-0

[Event " "]
[Site "Lyon Olympique Echecs"]
[Date "21.??.??"]
[Round "6.7"]
[White "Derieux, Christian"]
[Black "Salus, Stephane"]
[Result "1-0"]
[WhiteElo "2134"]
[BlackElo "2212"]
[PlyCount "67"]
[EventDate "21.??.??"]
[WhiteTeam "Lutèce Echecs"]
[BlackTeam "Avignon"]

1. d4 Nf6 2. c4 g6 3. Nc3 Bg7 4. e4 d6 5. Nge2 O-O 6. Ng3 c5 7. d5 e6 8. Bd3
exd5 9. cxd5 Ng4 10. f3 Ne5 11. Be2 f5 12. f4 Ng4 13. Bxg4 fxg4 14. Be3 h5 15.
O-O h4 16. Nh1 Re8 17. g3 b5 18. Nf2 b4 19. Na4 hxg3 20. hxg3 Bd7 21. e5 dxe5
22. Nxc5 exf4 23. Bxf4 Bf5 24. Ne6 Qb6 25. Nxg7 Kxg7 26. Rc1 Nd7 27. Rc6 Qb5
28. Nxg4 Qd3 29. Qxd3 Bxd3 30. Rd6 Re7 31. Rxd7 Rxd7 32. Be5+ Kh7 33. Nf6+ Kh6
34. Nxd7 1-0

[Event " "]
[Site "Lyon Olympique Echecs"]
[Date "21.??.??"]
[Round "6.8"]
[White "Bomba, Melody"]
[Black "Dacalor, Aurelie"]
[Result "1-0"]
[WhiteElo "1790"]
[BlackElo "2016"]
[PlyCount "55"]
[EventDate "21.??.??"]
[WhiteTeam "Avignon"]

1. d4 Nf6 2. Nf3 d6 3. c3 Bg4 4. Bf4 Nbd7 5. Nbd2 c6 6. Qb3 Qc7 7. e3 e5 8. Bg3
Be6 9. c4 h6 10. Qc3 e4 11. Ng1 Bf5 12. Ne2 $11 Nh5 13. Bh4 g5 14. Ng3 Nxg3 15.
Bxg3 Qd8 16. Be2 Nf6 17. h4 Bh7 18. hxg5 hxg5 19. c5 dxc5 20. dxc5 Bg7 21. Qe5+
Qe7 22. Qxg5 Bg6 23. Rxh8+ Bxh8 24. Bd6 Qd7 25. Qe5+ Kd8 26. Bg4 Nxg4 27. Qxh8+
Qe8 28. Qh4+ 1-0

[Event " "]
[Site "Lyon Olympique Echecs"]
[Date "21.??.??"]
[Round "6.1"]
[White "Fedorchuk, Sergey A"]
[Black "Lazarev, Vladimir"]
[Result "1-0"]
[WhiteElo "2601"]
[BlackElo "2517"]
[PlyCount "46"]
[EventDate "21.??.??"]
[WhiteTeam "Vincennes"]
[BlackTeam "Lyon Olympique Echecs"]

1. e4 c5 2. Nf3 Nc6 3. d4 cxd4 4. Nxd4 Qc7 5. Nc3 e6 6. Be3 a6 7. Qd2 Nf6 8. f3
b5 9. O-O-O Ne5 10. Kb1 Be7 11. g4 d6 12. g5 Nfd7 13. f4 Nc4 14. Bxc4 Qxc4 15.
Rhe1 Bb7 16. e5 b4 17. Na4 Qd5 18. exd6 Qxd6 19. Nxe6 fxe6 20. Qxd6 Bxd6 21.
Rxd6 Ke7 22. Rd2 Rhf8 23. Red1 Bc6 1-0

[Event " "]
[Site "Lyon Olympique Echecs"]
[Date "21.??.??"]
[Round "6.2"]
[White "Benitah, Yohan"]
[Black "Velikov, Petar"]
[Result "1/2-1/2"]
[WhiteElo "2423"]
[BlackElo "2457"]
[PlyCount "59"]
[EventDate "21.??.??"]
[WhiteTeam "Lyon Olympique Echecs"]

1. d4 d5 2. c4 dxc4 3. Nf3 Nf6 4. e3 a6 5. Bxc4 e6 6. O-O c5 7. a4 Nc6 8. Qe2
Qc7 9. h3 Bd6 10. Nc3 O-O 11. Rd1 $11 b6 12. Bd2 Bb7 13. Rac1 Rfd8 14. Ba2 Rac8
15. Kh1 Qb8 16. d5 exd5 17. Nxd5 Nxd5 18. Bxd5 Qc7 19. Bc3 Qe7 20. Qc4 h5 21.
Rd2 Bc7 22. Rcd1 Kf8 23. Qd3 g6 24. Qc4 Rd7 25. Qe4 Qxe4 26. Bxe4 Rxd2 27. Rxd2
Rd8 28. Bd5 Na5 29. e4 Bxd5 30. exd5 $11 1/2-1/2

[Event " "]
[Site "Lyon Olympique Echecs"]
[Date "21.??.??"]
[Round "6.3"]
[White "Schabanel, Stephane"]
[Black "Renaze, Luc"]
[Result "1-0"]
[WhiteElo "2288"]
[BlackElo "2346"]
[PlyCount "81"]
[EventDate "21.??.??"]
[WhiteTeam "Vincennes"]
[BlackTeam "Lyon Olympique Echecs"]

1. e4 e5 2. Nf3 Nc6 3. Bb5 a6 4. Ba4 Nf6 5. O-O b5 6. Bb3 Bc5 7. c3 d6 8. d4
Bb6 9. a4 Bg4 10. Bg5 O-O 11. axb5 axb5 12. Rxa8 Qxa8 13. Bxf6 gxf6 14. Bd5 Qe8
15. h3 Bh5 16. Bxc6 Qxc6 17. d5 Qd7 18. Qd3 Kh8 19. Na3 Rg8 20. Kh2 c6 21. dxc6
Qxc6 22. Nh4 b4 23. cxb4 Bg6 24. Nxg6+ hxg6 25. Nb5 Kg7 26. Nc3 Bd4 27. Nd5 Re8
28. b5 Qc8 29. Qa3 Qc4 30. Kg1 Re6 31. b6 Qc6 32. Qb3 Re8 33. Ra1 f5 34. exf5
e4 35. fxg6 fxg6 36. Ra7+ Kh6 37. Rc7 Qa8 38. Nf4 Qa1+ 39. Kh2 Bxf2 40. Rh7+
Kg5 41. Ne2 1-0

[Event " "]
[Site "Lyon Olympique Echecs"]
[Date "21.??.??"]
[Round "6.4"]
[White "Safranska, Anda"]
[Black "Peyrat, Olivier"]
[Result "0-1"]
[WhiteElo "2303"]
[BlackElo "2260"]
[PlyCount "112"]
[EventDate "21.??.??"]
[WhiteTeam "Lyon Olympique Echecs"]

1. e4 c6 2. d3 d5 3. Nd2 e5 4. Ngf3 Bd6 5. d4 exd4 6. exd5 c5 7. Bb5+ Bd7 8.
Qe2+ Ne7 9. Ne4 Qc7 10. O-O O-O 11. Bxd7 Nxd7 12. c4 dxc3 13. Nxc3 Rae8 14. Qc2
a6 15. Bg5 Ng6 16. Rfe1 Nde5 17. Nxe5 Rxe5 18. Rxe5 Bxe5 19. h3 Bd4 20. Re1 Qd7
21. Qe4 h6 22. Bc1 Rd8 23. d6 b6 24. Qd5 Bxc3 25. bxc3 Kf8 26. Rd1 Kg8 27. Be3
Nf8 28. Bf4 Qa4 29. Bg3 Re8 30. Kh2 Nd7 31. c4 Nf6 32. Qd3 Nd7 33. Rd2 Qc6 34.
f3 b5 35. Re2 Rxe2 36. Qxe2 Nf8 37. Qe7 bxc4 38. Qc7 Qd5 39. Bf2 c3 40. Bxc5
Qe5+ 41. Kh1 c2 42. Ba3 Qa1+ 43. Kh2 Qxa2 44. Qc3 f6 45. f4 a5 46. d7 Nxd7 47.
Qc8+ Kh7 48. Qxd7 Qxa3 49. Qf5+ Kg8 50. Qxc2 Qb4 51. Qc8+ Qf8 52. Qe6+ Kh8 53.
Qa6 Qd8 54. f5 Qb8+ 55. Kg1 Qb1+ 56. Qf1 Qxf1+ 0-1

[Event " "]
[Site "Lyon Olympique Echecs"]
[Date "21.??.??"]
[Round "6.5"]
[White "Nemirovski, Serge"]
[Black "Poupar, Aime"]
[Result "1-0"]
[WhiteElo "2271"]
[BlackElo "2144"]
[PlyCount "61"]
[EventDate "21.??.??"]
[WhiteTeam "Vincennes"]
[BlackTeam "Lyon Olympique Echecs"]

1. d4 d5 2. Nf3 Nf6 3. Bf4 e6 4. e3 c5 5. c3 Bd6 6. Ne5 O-O 7. Nd2 Nc6 8. Bd3
Qb6 9. Nec4 dxc4 10. Nxc4 Qd8 11. Bxd6 b5 12. Bxf8 bxc4 13. Bxc5 cxd3 14. Qxd3
Qd5 15. f3 Nd7 16. Ba3 Nce5 17. Qe2 Nc4 18. Be7 Bb7 19. b3 Ncb6 20. O-O Re8 21.
Bh4 Qh5 22. Bg3 e5 23. Qb5 f6 24. e4 Qg6 25. d5 f5 26. Rae1 Rc8 27. c4 f4 28.
Bf2 Qd6 29. Rc1 Nc5 30. b4 Ba6 31. bxc5 1-0

[Event " "]
[Site "Lyon Olympique Echecs"]
[Date "21.??.??"]
[Round "6.6"]
[White "Lacour, Serge"]
[Black "Jablonski, Noham"]
[Result "1/2-1/2"]
[WhiteElo "2171"]
[BlackElo "2258"]
[PlyCount "54"]
[EventDate "21.??.??"]
[WhiteTeam "Lyon Olympique Echecs"]

1. d4 f5 2. Nc3 Nf6 3. Bg5 d5 4. e3 e6 5. Nf3 Be7 6. Bd3 O-O 7. O-O c5 8. dxc5
Ne4 9. Bxe7 Qxe7 10. Bxe4 fxe4 11. Ne5 Nc6 12. f4 Qxc5 13. Qd2 Nxe5 14. fxe5
Rxf1+ 15. Rxf1 Qe7 16. Nb5 Bd7 17. Nd6 Be8 18. Qf2 Bg6 19. c3 Qc7 20. g4 a6 21.
h4 h5 22. Qf4 Qe7 23. g5 b5 24. Qf2 Qa7 25. Qd2 Qe7 26. Qf2 Qa7 27. Qd2 Qe7
1/2-1/2

[Event " "]
[Site "Lyon Olympique Echecs"]
[Date "21.??.??"]
[Round "6.7"]
[White "Rabeyrin, Jean-Jacques"]
[Black "Debray, Tristan"]
[Result "1-0"]
[WhiteElo "2283"]
[BlackElo "2151"]
[PlyCount "95"]
[EventDate "21.??.??"]
[WhiteTeam "Vincennes"]
[BlackTeam "Lyon Olympique Echecs"]

1. e4 Nf6 2. e5 Nd5 3. d4 d6 4. Nf3 Bg4 5. Be2 e6 6. O-O Be7 7. c4 Nb6 8. exd6
cxd6 9. Be3 O-O 10. Nbd2 Nc6 11. Rc1 Rc8 12. Re1 d5 13. c5 Nd7 14. Qa4 f5 15.
Bf4 g5 16. Bd6 Bxd6 17. cxd6 Bxf3 18. Nxf3 g4 19. Ne5 Ndxe5 20. dxe5 Nxe5 21.
Rxc8 Qxc8 22. Qxa7 Nf7 23. Qa3 Rd8 24. h3 gxh3 25. Bh5 h2+ 26. Kh1 Qd7 27. Qg3+
Kf8 28. Qh4 Qxd6 29. Bxf7 Kxf7 30. Qxh7+ Kf8 31. Rc1 Qd7 32. Qh6+ Ke7 33. Qg7+
Kd6 34. Qd4 Qb5 35. Qf4+ e5 36. Qh6+ Kd7 37. Qg7+ Kd6 38. Qf6+ Kd7 39. Qxe5 Qa5
40. Qxf5+ Kd6 41. Qf6+ Kd7 42. Qf7+ Kd6 43. Qxb7 Rd7 44. Qb8+ Ke7 45. b4 Qa6
46. Re1+ Kf6 47. Qf4+ Kg7 48. Qg4+ 1-0

[Event " "]
[Site "Lyon Olympique Echecs"]
[Date "21.??.??"]
[Round "6.8"]
[White "Soubrier, Aude"]
[Black "Bonvalot, Isabelle"]
[Result "0-1"]
[WhiteElo "1962"]
[BlackElo "1953"]
[PlyCount "126"]
[EventDate "21.??.??"]
[WhiteTeam "Lyon Olympique Echecs"]

1. e4 g6 2. d4 Bg7 3. Nc3 c6 4. Nf3 d6 5. Be3 Nd7 6. Qd2 b5 7. a4 b4 8. Ne2 Ba6
9. Qxb4 Rb8 10. Qc3 Qc7 11. b3 Ngf6 12. Ng3 Bxf1 13. Kxf1 h5 14. h4 O-O 15. Bg5
Rfe8 16. Rd1 Qb7 17. Qd3 Ng4 18. Nh2 Nxh2+ 19. Rxh2 c5 20. Ne2 cxd4 21. Nxd4
Ne5 22. Qe2 Qb6 23. Rh3 Rbc8 24. Nb5 a6 25. Be3 Qb7 26. Nd4 Qxe4 27. Qxa6 Ng4
28. c4 Nxe3+ 29. Rxe3 Qxh4 30. Nc6 Bf6 31. Qb7 Kf8 32. Kg1 Bg5 33. Rh3 Qg4 34.
Re1 e5 35. Rf3 Bf4 36. Qb5 e4 37. Rfe3 Bxe3 38. Rxe3 Qd1+ 39. Kh2 Qf1 40. Qd5
Qxf2 41. Rxe4 Rxe4 42. Qxe4 Re8 43. Qd4 Qxd4 44. Nxd4 Re4 45. Nb5 Ke7 46. a5
Kd7 47. a6 Re8 48. b4 Ra8 49. a7 Kc6 50. Kg3 g5 51. Nd4+ Kb6 52. Nf5 Rxa7 53.
Nxd6 Ra3+ 54. Kf2 f6 55. Ne4 Ra8 56. Ke3 Rf8 57. Kf3 Rd8 58. Ke3 Re8 59. Kf3
Kc6 60. g3 Re5 61. b5+ Kb6 62. Nc3 f5 63. Nd5+ Rxd5 0-1

[Event " "]
[Site "Lyon Olympique Echecs"]
[Date "21.??.??"]
[Round "6.1"]
[White "Forthofer, Robert"]
[Black "Lerch, Patrice"]
[Result "0-1"]
[WhiteElo "2235"]
[BlackElo "2290"]
[PlyCount "54"]
[EventDate "21.??.??"]
[WhiteTeam "Reims Echecs Mat"]
[BlackTeam "Mulhouse II"]

1. e4 c5 2. Nf3 Nc6 3. Nc3 g6 4. d4 cxd4 5. Nxd4 Bg7 6. Be3 Nf6 7. Bc4 Qa5 8.
O-O O-O 9. Bb3 d6 10. h3 Bd7 11. g4 Nxd4 12. Bxd4 Qg5 13. f4 Qh4 14. Qf3 h5 15.
Bf2 hxg4 16. Bxh4 gxf3 17. Rxf3 Bc6 18. Re1 e6 19. Rd3 Nh5 20. f5 exf5 21. exf5
Nf4 22. Rxd6 Ng2 23. fxg6 Nxh4 24. Bxf7+ Kh8 25. Rf1 Rad8 26. Rxd8 Rxd8 27. Rf4
Rd4 0-1

[Event " "]
[Site "Lyon Olympique Echecs"]
[Date "21.??.??"]
[Round "6.2"]
[White "Fargere, Francois"]
[Black "Oudot, Jean-Baptiste"]
[Result "1/2-1/2"]
[WhiteElo "2330"]
[BlackElo "2114"]
[PlyCount "81"]
[EventDate "21.??.??"]
[WhiteTeam "Mulhouse II"]

1. e4 c5 2. Nf3 Nc6 3. Bb5 Na5 4. c3 a6 5. Ba4 b5 6. Bc2 e6 7. O-O Nf6 8. d4
cxd4 9. cxd4 Bb7 10. e5 Nd5 11. Nbd2 Be7 12. Ne4 h6 13. a3 Rc8 14. Ng3 Qc7 15.
Ne1 g6 16. Be4 Qc4 17. Nf3 Qb3 18. Qe2 h5 19. h4 b4 20. axb4 Bxb4 21. Bd3 Rxc1
22. Rfxc1 Nf4 23. Qe3 Nxd3 24. Rc7 Kd8 25. Rxb7 Nxb7 26. Ng5 Kc7 27. Qf3 Na5
28. Rd1 Ne1 29. Rc1+ Kb8 30. Qxf7 Nd3 31. Rf1 Qd5 32. N3e4 Rf8 33. Qxg6 Nf4 34.
Qg7 Qxd4 35. g3 Ne2+ 36. Kg2 Nc6 37. f4 Qxb2 38. Rf2 Ncd4 39. Nf6 Rd8 40. Nxd7+
Ka8 41. Nb6+ 1/2-1/2

[Event " "]
[Site "Lyon Olympique Echecs"]
[Date "21.??.??"]
[Round "6.3"]
[White "Minet, Steve"]
[Black "Riff, Vincent"]
[Result "1/2-1/2"]
[WhiteElo "2175"]
[BlackElo "2329"]
[PlyCount "20"]
[EventDate "21.??.??"]
[WhiteTeam "Reims Echecs Mat"]
[BlackTeam "Mulhouse II"]

1. e4 c5 2. Nf3 Nc6 3. d4 cxd4 4. Nxd4 e5 5. Nb5 d6 6. N1c3 a6 7. Na3 b5 8. Nd5
Nge7 9. Be3 Nxd5 10. exd5 Ne7 1/2-1/2

[Event " "]
[Site "Lyon Olympique Echecs"]
[Date "21.??.??"]
[Round "6.4"]
[White "Hell, Pascal"]
[Black "Camus, Berenger"]
[Result "1-0"]
[WhiteElo "2227"]
[BlackElo "2171"]
[PlyCount "47"]
[EventDate "21.??.??"]
[WhiteTeam "Mulhouse II"]

1. Nf3 Nf6 2. g3 b6 3. Bg2 Bb7 4. O-O e6 5. c4 Be7 6. Nc3 O-O 7. Qc2 c5 8. e4
Nc6 9. d3 d5 10. e5 $11 Ng4 11. Qe2 d4 12. Nb5 a6 13. Na3 f5 $11 14. exf6 Rxf6
15. Ng5 Nge5 16. f4 Rg6 17. Be4 Rxg5 18. fxg5 Bxg5 19. Bf4 Bxf4 20. Rxf4 Qd7
21. Raf1 Rc8 22. Bxh7+ Kxh7 23. Qh5+ Kg8 24. Rh4 1-0

[Event " "]
[Site "Lyon Olympique Echecs"]
[Date "21.??.??"]
[Round "6.5"]
[White "Laval, Brice"]
[Black "Deschler, Fabrice"]
[Result "1-0"]
[WhiteElo "2186"]
[BlackElo "2168"]
[PlyCount "85"]
[EventDate "21.??.??"]
[WhiteTeam "Reims Echecs Mat"]
[BlackTeam "Mulhouse II"]

1. e4 c5 2. Nf3 Nc6 3. Nc3 Nf6 4. Bb5 Nd4 5. e5 Nxb5 6. Nxb5 Nd5 7. O-O a6 8.
c4 Nc7 9. Nc3 g6 10. d4 cxd4 11. Qxd4 Bg7 12. Be3 O-O 13. Qh4 b5 14. Bb6 Bb7
15. Nd5 Bxd5 16. cxd5 Qb8 17. Bxc7 Qxc7 18. Qxe7 Rfe8 19. d6 Rxe7 20. dxc7 f6
21. exf6 Bxf6 22. Rac1 Rc8 23. Rc2 d5 24. Rfc1 Bg7 25. h4 d4 26. b3 h6 27. Rc6
Kf7 28. Kf1 a5 29. R1c5 a4 30. b4 d3 31. g3 Rd7 32. Ke1 Re7+ 33. Kd2 Re2+ 34.
Kxd3 Rxf2 35. Nd4 Bxd4 36. Kxd4 Rd2+ 37. Ke4 Rxa2 38. Rxb5 Re2+ 39. Kd5 Rd2+
40. Kc5 Rc2+ 41. Kb6 Rxc6+ 42. Kxc6 Ke6 43. Kb7 1-0

[Event " "]
[Site "Lyon Olympique Echecs"]
[Date "21.??.??"]
[Round "6.6"]
[White "Fischer, Marc"]
[Black "Desanlis, Anne-Sophie"]
[Result "1/2-1/2"]
[WhiteElo "2180"]
[BlackElo "1920"]
[PlyCount "49"]
[EventDate "21.??.??"]
[WhiteTeam "Mulhouse II"]

1. c4 e5 2. g3 g6 3. Bg2 Bg7 4. Nc3 Ne7 5. e3 O-O 6. Nge2 Nbc6 7. Nd5 Nxd5 8.
cxd5 Nb4 9. O-O d6 10. a3 Na6 11. b4 Bd7 12. Bb2 c5 13. bxc5 Nxc5 14. Nc3 f5
15. a4 e4 16. Ra2 a6 17. Ba3 Rc8 18. Bxc5 Rxc5 19. Qb3 Bxc3 20. dxc3 Qc7 21.
Ra3 Rc8 22. Rc1 Be8 23. f3 Bf7 24. fxe4 fxe4 25. Qb1 $11 1/2-1/2

[Event " "]
[Site "Lyon Olympique Echecs"]
[Date "21.??.??"]
[Round "6.7"]
[White "Michonnet"]
[Black "Schmitt, Fabien"]
[Result "0-1"]
[WhiteElo "1499"]
[BlackElo "2162"]
[PlyCount "52"]
[EventDate "21.??.??"]
[WhiteTeam "Reims Echecs Mat"]
[BlackTeam "Mulhouse II"]

1. Nf3 c5 2. g3 b6 3. Bg2 Bb7 4. O-O Nf6 5. e3 g6 6. d3 Bg7 7. Bd2 d6 8. Nc3 e5
9. b3 Nbd7 10. e4 O-O 11. Be3 Nh5 12. d4 exd4 13. Bxd4 cxd4 14. Nxd4 Nc5 15.
Rb1 Ne6 16. Nxe6 fxe6 17. Qe1 Rc8 18. Ne2 Rxc2 19. Nc1 Ba6 20. b4 Bc4 21. Qd1
Rc3 22. Re1 Qf6 23. Nb3 Qxf2+ 24. Kh1 Bxb3 25. axb3 Rc2 26. Qxd6 Qxg2# 0-1

[Event " "]
[Site "Cannes II"]
[Date "11.??.??"]
[Round "7.1"]
[White "Ninov, Nikolai"]
[Black "Sanchez, Joseph"]
[Result "1-0"]
[WhiteElo "2506"]
[BlackElo "2482"]
[PlyCount "69"]
[EventDate "11.??.??"]
[WhiteTeam "Hyères"]
[BlackTeam "Cannes II"]

1. e4 c5 2. Nf3 Nc6 3. d4 cxd4 4. Nxd4 Nf6 5. Nc3 e5 6. Ndb5 d6 7. Bg5 a6 8.
Na3 b5 9. Bxf6 gxf6 10. Nd5 Bg7 11. g3 f5 12. exf5 Bxf5 13. Bg2 O-O 14. Ne3 Ne7
15. Nxf5 Nxf5 16. Qh5 Nd4 17. c3 b4 18. cxd4 bxa3 19. Bxa8 axb2 20. Rb1 Qa5+
21. Kf1 Rxa8 22. Rxb2 Qd5 23. Kg1 Rc8 24. Qd1 exd4 25. h4 d3 26. Kh2 h5 27. Rd2
Qf5 28. Rf1 Rc3 29. f4 d5 30. Rf3 d4 31. Rfxd3 a5 32. Rxc3 dxc3 33. Rd8+ Kh7
34. Rd5 Qe4 35. Qxh5+ 1-0

[Event " "]
[Site "Cannes II"]
[Date "11.??.??"]
[Round "7.2"]
[White "Levacic, Damir"]
[Black "Sulava, Nenad"]
[Result "0-1"]
[WhiteElo "2266"]
[BlackElo "2537"]
[PlyCount "62"]
[EventDate "11.??.??"]
[WhiteTeam "Cannes II"]

1. d4 Nf6 2. c4 c5 3. d5 b5 4. cxb5 a6 5. b6 d6 6. Nc3 g6 7. e4 Bg7 8. a4 Qxb6
9. a5 Qb4 10. Ra4 Qb7 11. Nf3 O-O 12. Nd2 e6 13. Nc4 exd5 14. exd5 Bg4 15. f3
Bd7 16. Ra3 Bb5 17. Rb3 Qe7+ 18. Kf2 Bxc4 19. Bxc4 Nbd7 20. Re1 Qd8 21. Bf4 Nh5
22. Bg3 Nxg3 23. hxg3 Qxa5 24. Ne4 Ne5 25. Nxd6 Qc7 26. f4 Qxd6 27. fxe5 Bxe5
28. Qd3 a5 29. Ra1 a4 30. Rb5 Bxb2 31. Ra2 a3 0-1

[Event " "]
[Site "Cannes II"]
[Date "11.??.??"]
[Round "7.3"]
[White "Marholev, Dimitar"]
[Black "Kerbrat, Julien"]
[Result "1-0"]
[WhiteElo "2345"]
[BlackElo "2172"]
[PlyCount "65"]
[EventDate "11.??.??"]
[WhiteTeam "Hyères"]
[BlackTeam "Cannes II"]

1. e4 c5 2. Nc3 Nc6 3. Bb5 e6 4. Bxc6 bxc6 5. d3 Qc7 6. f4 d5 7. Nf3 Nf6 8. e5
Ng4 9. h3 Nh6 10. Ne2 Rb8 11. c4 Be7 12. g4 Qa5+ 13. Bd2 Qd8 14. b3 Bh4+ 15.
Kf1 Be7 16. Kg2 f6 17. exf6 Bxf6 18. Rc1 Be7 19. Be3 d4 20. Bd2 O-O 21. Rf1 Nf7
22. Ng3 Qc7 23. Ne4 e5 24. f5 Nd6 25. Qe1 Bxf5 26. gxf5 Nxf5 27. Qe2 Rbe8 28.
Rf2 a5 29. Rcf1 h6 30. Nh2 Qd7 31. Qg4 Nh4+ 32. Kh1 Qd8 33. Bxh6 1-0

[Event " "]
[Site "Cannes II"]
[Date "11.??.??"]
[Round "7.4"]
[White "Delabaca, Romuald"]
[Black "Leski, Marc"]
[Result "1/2-1/2"]
[WhiteElo "2160"]
[BlackElo "2394"]
[PlyCount "38"]
[EventDate "11.??.??"]
[WhiteTeam "Cannes II"]

1. d4 d5 2. Nf3 Nc6 3. c4 Bg4 4. cxd5 Bxf3 5. dxc6 Bxc6 6. Nc3 e6 7. e4 Bb4 8.
f3 Qh4+ 9. g3 Qf6 10. Be3 O-O-O 11. Be2 Qg6 12. Qb3 Ba5 13. O-O-O Bb6 14. Na4
Bxa4 15. Qxa4 Ne7 16. Rhe1 f5 17. Qa3 Rd7 18. Bb5 c6 19. Bc4 fxe4 1/2-1/2

[Event " "]
[Site "Cannes II"]
[Date "11.??.??"]
[Round "7.5"]
[White "Langevin, Philippe"]
[Black "Mailfert, Jean-Pierre"]
[Result "1-0"]
[WhiteElo "2208"]
[BlackElo "2137"]
[PlyCount "89"]
[EventDate "11.??.??"]
[WhiteTeam "Hyères"]
[BlackTeam "Cannes II"]

1. e4 Nc6 2. Nf3 Nf6 3. e5 Nd5 4. Bb5 e6 5. O-O Be7 6. d4 O-O 7. c4 Ndb4 8. c5
Nd5 9. Nc3 Nxc3 10. bxc3 d6 11. cxd6 cxd6 12. Re1 Bd7 13. Bd3 dxe5 14. Nxe5
Nxe5 15. Rxe5 Bf6 16. Re3 g6 17. Be4 Qc8 18. Qf3 Bg5 19. Bxb7 Qd8 20. Ba3 Re8
21. Bxa8 Bxe3 22. fxe3 Qxa8 23. Qxa8 Rxa8 24. Rb1 Bc6 25. Bc5 Bd5 26. a3 f5 27.
Kf2 a5 28. Rb2 Kf7 29. h3 g5 30. Rb6 Ke8 31. g4 fxg4 32. e4 Bc4 33. hxg4 Rd8
34. Rb7 Rd7 35. Rb8+ Kf7 36. Rf8+ Kg7 37. Rc8 Bb3 38. Ra8 a4 39. Kg3 h6 40. Rc8
Rf7 41. Bd6 Bc2 42. d5 Bxe4 43. dxe6 Rf3+ 44. Kh2 Kf6 45. e7 1-0

[Event " "]
[Site "Cannes II"]
[Date "11.??.??"]
[Round "7.6"]
[White "Canneva, Florian"]
[Black "Garro, Pierre"]
[Result "1-0"]
[WhiteElo "2087"]
[BlackElo "2181"]
[PlyCount "77"]
[EventDate "11.??.??"]
[WhiteTeam "Cannes II"]

1. e4 c5 2. Nf3 Nc6 3. d4 cxd4 4. Nxd4 Nf6 5. Nc3 e5 6. Ndb5 d6 7. Nd5 Nxd5 8.
exd5 Nb8 9. c4 Be7 10. Bd3 O-O 11. O-O f5 12. f3 a6 13. Nc3 Bg5 14. Kh1 Bxc1
15. Qxc1 Qh4 16. Qe3 Nd7 17. b4 Rf6 18. g3 Qh5 19. g4 fxg4 20. fxg4 Qxg4 21.
Ne4 Qh4 22. Nxf6+ Nxf6 23. Qg3 Qh6 24. Rg1 Bg4 25. Rae1 Rf8 26. Rgf1 Qh5 27.
Rf2 Bc8 28. Rg1 Qh6 29. Qg5 Qxg5 30. Rxg5 Bg4 31. Rxf6 Bf3+ 32. Rxf3 Rxf3 33.
Rg3 Rf2 34. c5 Rf6 35. Be4 a5 36. c6 Rf7 37. b5 b6 38. Rf3 Rc7 39. Bf5 1-0

[Event " "]
[Site "Cannes II"]
[Date "11.??.??"]
[Round "7.7"]
[White "Bonnafous, Michel"]
[Black "Vuillermoz, Robert"]
[Result "1-0"]
[WhiteElo "2084"]
[BlackElo "2124"]
[PlyCount "59"]
[EventDate "11.??.??"]
[WhiteTeam "Hyères"]
[BlackTeam "Cannes II"]

1. g3 d5 2. f4 Nf6 3. Nf3 c6 4. Bg2 Bg4 5. d3 Nbd7 6. O-O Qb6+ 7. Kh1 h5 8. Qe1
e6 9. e4 dxe4 10. dxe4 Nc5 11. Nc3 O-O-O 12. Ne5 Qc7 13. h3 Bd6 14. Nc4 Be7 15.
e5 Nd5 16. hxg4 h4 17. g5 hxg3+ 18. Kg1 Nb4 19. Ne3 f6 20. a3 Nxc2 21. Nxc2 Nd3
22. Qxg3 Qb6+ 23. Ne3 Nxc1 24. Raxc1 Bc5 25. Rfe1 Rd3 26. Ncd1 fxe5 27. f5 Rhd8
28. Kh1 Rf8 29. Rc3 Rd2 30. Nc4 1-0

[Event " "]
[Site "Cannes II"]
[Date "11.??.??"]
[Round "7.8"]
[White "Copin, Oceane"]
[Black "Mallet, Celine"]
[Result "0-1"]
[WhiteElo "1790"]
[BlackElo "2018"]
[PlyCount "66"]
[EventDate "11.??.??"]
[WhiteTeam "Cannes II"]

1. e4 c5 2. Nf3 Nc6 3. c3 Nf6 4. e5 Nd5 5. d4 cxd4 6. cxd4 d6 7. Be2 g6 8. O-O
Bg7 9. Re1 O-O 10. exd6 Qxd6 11. Nc3 Bf5 12. Bb5 Ncb4 13. Ba4 Rac8 14. Nxd5
Nxd5 15. Bb3 Nb4 16. Be3 Bc2 17. Qd2 Bxb3 18. axb3 Nc2 19. Rxa7 Nxe1 20. Qxe1
Qd5 21. Qb4 Ra8 22. Rxa8 Rxa8 23. h3 e6 24. Qb6 Bf8 25. Bf4 f6 26. b4 g5 27.
Bg3 h5 28. h4 g4 29. Nd2 Ra1+ 30. Kh2 Rd1 31. Bf4 Qf5 32. Qc7 e5 33. dxe5 Qxf4+
0-1

[Event " "]
[Site "Avignon"]
[Date "11.??.??"]
[Round "7.1"]
[White "Meynard, Thibault"]
[Black "Epishin, Vladimir"]
[Result "1/2-1/2"]
[WhiteElo "2267"]
[BlackElo "2554"]
[PlyCount "67"]
[EventDate "11.??.??"]
[WhiteTeam "Avignon"]
[BlackTeam "Marseille Duchamps"]

1. d4 Nf6 2. c4 d6 3. Nc3 e5 4. Nf3 e4 5. Nd2 Qe7 6. e3 g6 7. h3 h5 8. b4 Bg7
9. Ba3 O-O 10. Qb3 Re8 11. Be2 a6 12. c5 Be6 13. Bc4 Bxc4 14. Qxc4 Nbd7 15. Qb3
b5 16. cxb6 Nxb6 17. O-O Reb8 18. Rab1 Qe8 19. Rfc1 d5 20. b5 axb5 21. Nxb5 Nc8
22. Rxc7 Na7 23. Nxa7 Rxb3 24. Rxb3 Qa4 25. Nc6 Qa6 26. Ne5 Qe2 27. Bb4 Rxa2
28. Rc8+ Kh7 29. Nxf7 Qe1+ 30. Kh2 Qxf2 31. Ng5+ Kh6 32. Nf7+ Kh7 33. Ng5+ Kh6
34. Nf7+ 1/2-1/2

[Event " "]
[Site "Avignon"]
[Date "11.??.??"]
[Round "7.2"]
[White "Kosten, Anthony C"]
[Black "Duquesnoy, Jean-Philippe"]
[Result "1-0"]
[WhiteElo "2534"]
[BlackElo "2253"]
[PlyCount "61"]
[EventDate "11.??.??"]
[WhiteTeam "Marseille Duchamps"]

1. c4 e5 2. g3 Nc6 3. Bg2 f5 4. Nc3 Nf6 5. a3 g6 6. e3 Bg7 7. d4 e4 8. f3 O-O
9. fxe4 fxe4 10. Nh3 d6 11. Nf2 Bf5 12. O-O Qd7 13. Nd5 Ng4 14. Nh1 h5 15. h3
Nh6 16. Nf2 Rae8 17. Bd2 Nd8 18. Nc3 Ndf7 19. Ncxe4 Bxe4 20. Nxe4 Rxe4 21. Bxe4
Qxh3 22. Qe2 Kh7 23. Qg2 Qxg2+ 24. Kxg2 c6 25. Rf4 Re8 26. Bd3 Ng5 27. Rh1 Ne6
28. Rfh4 Ng5 29. Rxh5 Ne4 30. Bxe4 Rxe4 31. R5h4 1-0